000 01104nam a22002175i 4500
001 158032
003 ES-MaACL
005 20250928112643.0
008 960828s1883 sp a |||| | spa d
040 _aCLM
_bspa
_cCLM
100 1 _aLópez García, Leopoldo,
_d1854-1932
_9129206
245 1 0 _aCaso clínico notable de carcinoma medular difuso del hígado con cirrosis carcinomatosa... /
_cpor los doctores D. Leopoldo Lopez García...; y D. Juan Manuel Mariani y Larrion.
260 _aMadrid :
_bImprenta y Librería de Nicolás Moya,
_c1883.
300 _a19, [1] en bl. p. :
_bil ;
_c23 cm.
594 1 _aPrecede al tit.: Biblioteca de la Revista de Medicina y Cirugia Practicas.
650 4 _aHigado-
_xCáncer.
_9136227
700 1 1 _aMariani y Larrión, Juan Manuel,
_d1853-1909
_976681
852 _aES-MaACL
_jT-634-F-7
_z-- Enc. hol.
_z-- Ded. ms. del autor a Gustavo Saenz Diez
_q-- Falto de la cub. original
_z-- Enc. en un vol. facticio
852 _aES-MaACL
_jT-376-F-13
_z-- Enc. hol.
_q-- Falto de la cub. original
_z-- Enc. en un vol. facticio
999 _c158032
_d158032